00601nam a2200169 a 450000100100000000500170001000800410002704000250006808200160009310000300010924500530013926000520019230000170024450000820026150000380034350500500038100003323720200930070122.0110823s1937 fr 000 0 spa d aDO-SdBNPbspacBNPHU axxxxbC732c1 aComhaire-Sylvain, Suzanne10aLes contes haitiens /cSuzanne Comhaire-Sylvain. aParis :bImprimerie de Meester Wetteren,c1937. av. ;c24 cm. aOrigine immédiate et extension en Amérique, Afrique et Europe occidentale aLa biblioteca posee el volumen 110 gv. 11tConjoint animal ou démon déguisé